<?xml version="1.0" encoding="UTF-8"?>
<record
    xmlns:xsi="http://www.w3.org/2001/XMLSchema-instance"
    xsi:schemaLocation="http://www.loc.gov/MARC21/slim http://www.loc.gov/standards/marcxml/schema/MARC21slim.xsd"
    xmlns="http://www.loc.gov/MARC21/slim">

  <leader>02300nam a22002897a 4500</leader>
  <controlfield tag="005">20110629122727.0</controlfield>
  <datafield tag="010" ind1=" " ind2=" ">
    <subfield code="a">B-435693-697</subfield>
  </datafield>
  <datafield tag="020" ind1=" " ind2=" ">
    <subfield code="a">9788184791549</subfield>
    <subfield code="c">30.00</subfield>
  </datafield>
  <datafield tag="035" ind1=" " ind2=" ">
    <subfield code="a">B-435693-697</subfield>
  </datafield>
  <datafield tag="037" ind1=" " ind2=" ">
    <subfield code="b">&#x92C;&#x94D;&#x932;&#x94D;&#x92F;&#x942;&#x92C;&#x947;&#x930;&#x940; &#x92C;&#x941;&#x915;&#x94D;&#x938;</subfield>
  </datafield>
  <datafield tag="082" ind1=" " ind2=" ">
    <subfield code="a">&#x915;</subfield>
  </datafield>
  <datafield tag="100" ind1=" " ind2=" ">
    <subfield code="a">&#x928;&#x93E;&#x917;&#x930;&#x93E;&#x91C;&#x928;, &#x915;&#x947;. &#x90F;&#x938;.</subfield>
    <subfield code="9">31637</subfield>
  </datafield>
  <datafield tag="245" ind1=" " ind2=" ">
    <subfield code="a">&#x926;&#x93E;&#x926;&#x93E;&#x91C;&#x940; &#x915;&#x940; &#x939;&#x921;&#x93C;&#x924;&#x93E;&#x932;  /</subfield>
    <subfield code="c">&#x915;&#x947;. &#x90F;&#x938;.&#x928;&#x93E;&#x917;&#x930;&#x93E;&#x91C;&#x928;; &#x928;&#x940;&#x924;&#x93E; &#x917;&#x902;&#x917;&#x94B;&#x92A;&#x93E;&#x927;&#x94D;&#x92F;&#x93E;&#x92F; &#x926;&#x94D;&#x935;&#x93E;&#x930;&#x93E; &#x91A;&#x93F;&#x924;&#x94D;&#x930;&#x93E;&#x902;&#x915;&#x93F;&#x924;; &#x92E;&#x927;&#x941;&#x92C;&#x93E;&#x932;&#x93E; &#x91C;&#x94B;&#x936;&#x940; &#x926;&#x94D;&#x935;&#x93E;&#x930;&#x93E; &#x939;&#x93F;&#x928;&#x94D;&#x926;&#x940; &#x905;&#x928;&#x941;&#x935;&#x93E;&#x926;</subfield>
  </datafield>
  <datafield tag="246" ind1=" " ind2=" ">
    <subfield code="a">Dadji ki hadtal</subfield>
    <subfield code="b">by K. S. Nagarajan</subfield>
  </datafield>
  <datafield tag="260" ind1=" " ind2=" ">
    <subfield code="a">&#x928;&#x908; &#x926;&#x93F;&#x932;&#x94D;&#x932;&#x940;</subfield>
    <subfield code="b">&#x92A;&#x94D;&#x930;&#x925;&#x92E; &#x92C;&#x941;&#x915;&#x94D;&#x938;</subfield>
    <subfield code="c">2009</subfield>
  </datafield>
  <datafield tag="270" ind1=" " ind2=" ">
    <subfield code="a">633-634, 4th "C" Main, 6th 'B' Cross, OMBR Layout, Banaswadi,</subfield>
    <subfield code="b">Bangalore</subfield>
    <subfield code="e">560043</subfield>
    <subfield code="k">+91 11 41042483</subfield>
  </datafield>
  <datafield tag="300" ind1=" " ind2=" ">
    <subfield code="a">28&#x92A;&#x943;.</subfield>
    <subfield code="b">&#x938;&#x91A;&#x93F;&#x924;&#x94D;&#x930;</subfield>
    <subfield code="c">22&#x938;&#x947;&#x92E;&#x940; (&#x905;&#x91C;&#x93F;&#x932;&#x94D;&#x926;)</subfield>
  </datafield>
  <datafield tag="700" ind1=" " ind2=" ">
    <subfield code="a">&#x917;&#x902;&#x917;&#x94B;&#x92A;&#x93E;&#x927;&#x94D;&#x92F;&#x93E;&#x92F;,  &#x928;&#x940;&#x924;&#x93E; </subfield>
    <subfield code="9">28955</subfield>
  </datafield>
  <datafield tag="700" ind1=" " ind2=" ">
    <subfield code="a">&#x91C;&#x94B;&#x936;&#x940;, &#x92E;&#x927;&#x941;&#x92C;&#x93E;&#x932;&#x93E; </subfield>
    <subfield code="9">28984</subfield>
  </datafield>
  <datafield tag="942" ind1=" " ind2=" ">
    <subfield code="2">ddc</subfield>
    <subfield code="c">CH</subfield>
    <subfield code="h">&#x915;</subfield>
    <subfield code="m">&#x928;&#x93E;&#x917;&#x930;&#x93E;</subfield>
  </datafield>
  <datafield tag="999" ind1=" " ind2=" ">
    <subfield code="c">53380</subfield>
    <subfield code="d">53380</subfield>
  </datafield>
  <datafield tag="952" ind1=" " ind2=" ">
    <subfield code="0">0</subfield>
    <subfield code="1">0</subfield>
    <subfield code="4">0</subfield>
    <subfield code="7">0</subfield>
    <subfield code="8">FIC</subfield>
    <subfield code="a">L</subfield>
    <subfield code="b">L</subfield>
    <subfield code="d">2011-08-08</subfield>
    <subfield code="e">&#x92C;&#x932;&#x94D;&#x92F;&#x942;&#x92C;&#x947;&#x930;&#x940;/6364/25.3.2011/83/21.3.11/31.3.11   </subfield>
    <subfield code="g">30.00</subfield>
    <subfield code="l">0</subfield>
    <subfield code="o">&#x915; &#x928;&#x93E;&#x917;&#x930;&#x93E;</subfield>
    <subfield code="p">B-435693</subfield>
    <subfield code="r">2011-08-08 00:00:00</subfield>
    <subfield code="t">1</subfield>
    <subfield code="v">30.00</subfield>
    <subfield code="w">2011-08-08</subfield>
    <subfield code="y">CH</subfield>
  </datafield>
  <datafield tag="952" ind1=" " ind2=" ">
    <subfield code="0">0</subfield>
    <subfield code="1">5</subfield>
    <subfield code="4">0</subfield>
    <subfield code="7">0</subfield>
    <subfield code="8">FIC</subfield>
    <subfield code="a">BL1</subfield>
    <subfield code="b">BL1</subfield>
    <subfield code="d">2011-08-08</subfield>
    <subfield code="e">&#x92C;&#x932;&#x94D;&#x92F;&#x942;&#x92C;&#x947;&#x930;&#x940;/6364/25.3.2011/83/21.3.11/31.3.11   </subfield>
    <subfield code="g">30.00</subfield>
    <subfield code="l">0</subfield>
    <subfield code="o">&#x915; &#x928;&#x93E;&#x917;&#x930;&#x93E;</subfield>
    <subfield code="p">B-435694</subfield>
    <subfield code="r">2011-08-08 00:00:00</subfield>
    <subfield code="t">1</subfield>
    <subfield code="v">30.00</subfield>
    <subfield code="y">CH</subfield>
  </datafield>
  <datafield tag="952" ind1=" " ind2=" ">
    <subfield code="0">0</subfield>
    <subfield code="1">0</subfield>
    <subfield code="4">0</subfield>
    <subfield code="7">0</subfield>
    <subfield code="8">FIC</subfield>
    <subfield code="a">ZLS</subfield>
    <subfield code="b">ZLS</subfield>
    <subfield code="d">2011-08-08</subfield>
    <subfield code="e">&#x92C;&#x932;&#x94D;&#x92F;&#x942;&#x92C;&#x947;&#x930;&#x940;/6364/25.3.2011/83/21.3.11/31.3.11   </subfield>
    <subfield code="g">30.00</subfield>
    <subfield code="l">1</subfield>
    <subfield code="o">&#x915; &#x928;&#x93E;&#x917;&#x930;&#x93E;</subfield>
    <subfield code="p">B-435695</subfield>
    <subfield code="r">2022-03-07 00:00:00</subfield>
    <subfield code="s">2022-03-05</subfield>
    <subfield code="t">1</subfield>
    <subfield code="v">30.00</subfield>
    <subfield code="w">2011-08-08</subfield>
    <subfield code="y">CH</subfield>
  </datafield>
  <datafield tag="952" ind1=" " ind2=" ">
    <subfield code="0">0</subfield>
    <subfield code="1">0</subfield>
    <subfield code="4">0</subfield>
    <subfield code="7">0</subfield>
    <subfield code="8">FIC</subfield>
    <subfield code="a">BN</subfield>
    <subfield code="b">BN</subfield>
    <subfield code="d">2011-08-08</subfield>
    <subfield code="e">&#x92C;&#x932;&#x94D;&#x92F;&#x942;&#x92C;&#x947;&#x930;&#x940;/6364/25.3.2011/83/21.3.11/31.3.11   </subfield>
    <subfield code="g">30.00</subfield>
    <subfield code="l">2</subfield>
    <subfield code="o">&#x915; &#x928;&#x93E;&#x917;&#x930;&#x93E;</subfield>
    <subfield code="p">B-435696</subfield>
    <subfield code="r">2023-02-16 00:00:00</subfield>
    <subfield code="s">2023-02-07</subfield>
    <subfield code="t">1</subfield>
    <subfield code="v">30.00</subfield>
    <subfield code="y">CH</subfield>
  </datafield>
  <datafield tag="952" ind1=" " ind2=" ">
    <subfield code="0">0</subfield>
    <subfield code="1">3</subfield>
    <subfield code="4">0</subfield>
    <subfield code="7">0</subfield>
    <subfield code="8">FIC</subfield>
    <subfield code="a">BL4</subfield>
    <subfield code="b">BL4</subfield>
    <subfield code="d">2011-08-08</subfield>
    <subfield code="e">&#x92C;&#x932;&#x94D;&#x92F;&#x942;&#x92C;&#x947;&#x930;&#x940;/6364/25.3.2011/83/21.3.11/31.3.11   </subfield>
    <subfield code="g">30.00</subfield>
    <subfield code="l">0</subfield>
    <subfield code="o">&#x915; &#x928;&#x93E;&#x917;&#x930;&#x93E;</subfield>
    <subfield code="p">B-435697</subfield>
    <subfield code="r">2011-08-08 00:00:00</subfield>
    <subfield code="t">1</subfield>
    <subfield code="v">30.00</subfield>
    <subfield code="y">CH</subfield>
  </datafield>
</record>
